| 000 | 00952cam a2200289 a 4500 | ||
|---|---|---|---|
| 001 | 4312103 | ||
| 003 | ARRUPE | ||
| 005 | 20150226020005.0 | ||
| 008 | 870324s1988 mau b 001 0 eng | ||
| 010 | _a 87003953 | ||
| 020 | _a978026031332 hb | ||
| 020 | _a9780262530705 pb | ||
| 040 |
_aDLC _cDLC _dDLC |
||
| 050 | 0 | 0 |
_aP125 _b.C47 1988 |
| 100 | 1 |
_aChomsky, Noam. _97658 |
|
| 245 | 1 | 0 |
_aLanguage and problems of knowledge : _bthe Managua lectures / _cNoam Chomsky. |
| 260 |
_aCambridge, Mass. : _bMIT Press, _cc1988. |
||
| 300 |
_ax, 205 p. ; _c21 cm. |
||
| 440 | 0 |
_aCurrent studies in linguistics series ; _v16 _97659 |
|
| 504 | _aIncludes bibliographical references and index. | ||
| 650 | 0 |
_aLinguistics. _97660 |
|
| 650 | 0 |
_aLanguage and languages _xPhilosophy. _97661 |
|
| 650 | 0 |
_aPsycholinguistics. _97662 |
|
| 650 | 0 |
_aKnowledge, Theory of. _97663 |
|
| 906 |
_a7 _bcbc _corignew _d1 _eocip _f19 _gy-gencatlg |
||
| 942 |
_2lcc _cMONOGRAPH _01 |
||
| 999 |
_c119866 _d119866 |
||